| 000 | 01392cam a2200349 a 4500 | ||
|---|---|---|---|
| 999 |
_c13844 _d13844 |
||
| 001 | 15208568 | ||
| 003 | EG-ScBUE | ||
| 005 | 20210922093150.0 | ||
| 008 | 080306s2008 enk f b 001 0 eng d | ||
| 020 | _a9780273703365 | ||
| 035 | _a(OCoLC)213358139 | ||
| 035 | _a(OCoLC)ocn213358139 | ||
| 040 |
_aDLC _beng _erda _cDLC _dBTCTA _dBWKUK _dBWK _dCDX _dDLC _dEG-ScBUE |
||
| 082 | 0 | 4 |
_a658.3008 _bBRO _222 |
| 100 | 1 |
_913352 _aBrowaeys, Marie-Joƫlle, _eauthor. |
|
| 245 | 1 | 0 |
_aUnderstanding cross-cultural management / _cMarie-Joelle Browaeys and Roger Price, Nyenrode Business University. |
| 264 | 1 |
_aHarlow, England : _bPearson Education Limited, _c2008. |
|
| 300 |
_axvi, 363 pages ; _c25 cm |
||
| 336 |
_2rdacontent _atext _btxt |
||
| 337 |
_2rdamedia _aunmediated _bn |
||
| 338 |
_2rdacarrier _avolume _bnc |
||
| 504 | _aIncludes bibliographical references and index. | ||
| 650 | 7 |
_913353 _aDiversity in the workplace _xManagement. _2BUEsh |
|
| 651 | _2BUEsh | ||
| 653 |
_bBUSADM _cSeptember2021 |
||
| 655 |
_vReading book _934232 |
||
| 700 | 1 |
_aPrice, Roger, _d1946- _eauthor. _913354 |
|
| 856 | 4 | 1 |
_3Table of contents only _uhttp://www.loc.gov/catdir/toc/ecip0812/2008010056.html |
| 942 |
_2ddc _cBB |
||